Fr. Conceicao Rodrigues College of Engineering

fluid mechanics and hydraulic machines (Record no. 26120)

MARC details
000 -LEADER
fixed length control field 00288nam a2200133Ia 4500
082 ## - DEWEY DECIMAL CLASSIFICATION NUMBER
Classification number 532
Item number BAN
100 ## - MAIN ENTRY--PERSONAL NAME
Personal name Khurmi/R.S
245 ## - TITLE STATEMENT
Title fluid mechanics and hydraulic machines
260 ## - PUBLICATION, DISTRIBUTION, ETC.
Name of publisher, distributor, etc. Laxmi
Place of publication, distribution, etc. New Delhi
Date of publication, distribution, etc. 1987
300 ## - PHYSICAL DESCRIPTION
Extent 1154
546 ## - LANGUAGE NOTE
Language note ENGLISH
654 ## - SUBJECT ADDED ENTRY--FACETED TOPICAL TERMS
Focus term Fluid
942 ## - ADDED ENTRY ELEMENTS (KOHA)
Koha item type BOOK
Holdings
Withdrawn status Lost status Damaged status Not for loan Collection Home library Current library Date acquired Cost, normal purchase price Total Checkouts Full call number Barcode Date last seen Cost, replacement price Price effective from Koha item type
        CRC Fr. Agnel's C.Rodrigues College of Engineering Fr. Agnel's C.Rodrigues College of Engineering 17/03/2023 72.00   532 BAN 1566 17/03/2023 72.00 17/03/2023 BOOK
        CRC Fr. Agnel's C.Rodrigues College of Engineering Fr. Agnel's C.Rodrigues College of Engineering 17/03/2023 72.00   532 BAN 1567 17/03/2023 72.00 17/03/2023 BOOK